Entreprise la plus capitalisée par pays - Statistiques

Statistiques générales
  • Ce quiz a été pris 38 fois
  • Le résultat moyen est 7 sur 28
Statistiques - réponses
Par images Hint Réponse % Correct
Corée du Sud - 841 Mrd$ Samsung
100%
Japon - 325 Mrd$ Toyota
100%
France - 303 Mrd$ LVMH
97%
États-Unis - 4450 Mrd$ Nvidia
91%
Allemagne - 238 Mrd$ SAP
52%
Arabie saoudite - 1676 Mrd$ Saudi Aramco
48%
Taïwan - 1900 Mrd$ TSMC
30%
Chine - 616 Mrd$ Tencent
27%
Espagne - 211 Mrd$ Inditex
24%
Pays-Bas - 545 Mrd$ ASML
21%
Suisse - 372 Mrd$ Roche
21%
Danemark - 220 Mrd$ Novo Nordisk
18%
Italie - 126 Mrd$ UniCredit
18%
Royaume-Uni - 318 Mrd$ AstraZeneca
9%
Argentine - 100 Mrd$ MercadoLibre
9%
Canada - 238 Mrd$ Royal Bank of Canada
9%
Australie - 208 Mrd$ Commonwealth Bank
6%
Irlande - 151 Mrd$ Eaton
6%
Inde - 212 Mrd$ Reliance Industries
6%
Hong Kong - 107 Mrd$ AIA
3%
Belgique - 156 Mrd$ Anheuser-Busch InBev
3%
Thaïlande - 86 Mrd$ Delta Electronics
3%
Mexique - 91 Mrd$ Grupo Mexico
3%
Émirats arabes unis - 238 Mrd$ IHC
3%
Suède - 123 Mrd$ Investor AB
3%
Brésil - 101 Mrd$ Itaú Unibanco
3%
Singapour - 128 Mrd$ DBS Group
0%
Russie - 86 Mrd$ Sberbank
0%
Aucun quiz correspondant
Distribution des résultats
% des personnes avec chaque résultat
Percentile par nombre de réponses
Votre historique - résultats
Vous n’avez pas pris ce quiz